[Event "Opocensky Memorial 2019"]
[Site "Prague"]
[Date "2019.06.27"]
[Round "7.3"]
[White "Kozusek, Daniel"]
[Black "Plischki, Sebastian"]
[Result "1/2-1/2"]
[WhiteElo "2339"]
[BlackElo "2420"]
[Annotator "NA"]
[PlyCount "51"]
[EventDate "2019.06.22"]
[EventType "tourn"]
[EventCountry "CZE"]
[SourceTitle "playchess.com"]
[Source "ChessBase"]
[SourceQuality "1"]
[TimeControl "5400+30"]

1. d4 {[%emt 0:04:45]} Nf6 {[%emt 0:00:00]} 2. g3 {[%emt 0:00:25]} c5 {[%emt 0:00:55]} 3. d5 {[%emt 0:00:06]} d6 {[%emt 0:01:55]} 4. Nc3 {[%emt 0:01:35]} g6 {[%emt 0:00:27]} 5. Bg2 {[%emt 0:00:51]} Bg7 {[%emt 0:00:08]} 6. e4 {[%emt 0:00:07]} O-O {[%emt 0:00:27]} 7. Nge2 {[%emt 0:00:27]} Nbd7 {[%emt 0:01:22]} 8. h3 {[%emt 0:00:55]} Rb8 {[%emt 0:01:20]} 9. a4 {[%emt 0:00:20]} b6 {[%emt 0:00:26]} 10. O-O {[%emt 0:02:53]} a6 {[%emt 0:01:23]} 11. Rb1 {[%emt 0:00:07]} b5 {[%emt 0:06:59]} 12. axb5 {[%emt 0:00:33]} axb5 {[%emt 0:00:06]} 13. b4 {[%emt 0:00:08]} cxb4 {[%emt 0:02:36]} 14. Na2 {[%emt 0:01:51]} b3 {[%emt 0:10:14]} 15. cxb3 {[%emt 0:00:50]} Nc5 {[%emt 0:02:58]} 16. Nb4 {[%emt 0:00:38]} Bd7 {[%emt 0:01:04]} 17. f3 {[%emt 0:06:01]} Qc8 {[%emt 0:07:09]} 18. Kh2 {[%emt 0:06:06]} Na6 {[%emt 0:03:03]} 19. Qd2 {[%emt 0:05:51]} Nxb4 {[%emt 0:02:28]} 20. Qxb4 {[%emt 0:00:04]} Qc2 {[%emt 0:04:28]} 21. Bd2 {[%emt 0:00:20]} Rfc8 {[%emt 0:01:35]} 22. Rfd1 {[%emt 0:19:03]} Ne8 {[%emt 0:07:07]} 23. Rbc1 {[%emt 0:15:20]} Qd3 {[%emt 0:04:22]} 24. Nf4 {[%emt 0:05:30]} Qd4 {[%emt 0:01:18]} 25. Qxd4 {[%emt 0:02:06]} Bxd4 {[%emt 0:00:09]} 26. Nd3 {[%emt 0:01:46]} 1/2-1/2

[Event "Opocensky Memorial 2019"]
[Site "Prague"]
[Date "2019.06.27"]
[Round "7.4"]
[White "Neuman, Petr"]
[Black "Pulpan, Jakub"]
[Result "0-1"]
[WhiteElo "2395"]
[BlackElo "2414"]
[Annotator "NA"]
[PlyCount "142"]
[EventDate "2019.06.22"]
[EventType "tourn"]
[EventCountry "CZE"]
[SourceTitle "playchess.com"]
[Source "ChessBase"]
[SourceQuality "1"]
[TimeControl "5400+30"]

1. c4 {[%emt 1:30:30]} e6 {[%emt 1:30:30]} 2. g3 {[%emt 0:00:30]} d5 {[%emt 0:00:30]} 3. Bg2 {[%emt 0:00:30]} Nf6 {[%emt 0:00:30]} 4. Nf3 {[%emt 0:00:30]} Be7 {[%emt 0:00:30]} 5. O-O {[%emt 0:00:30]} O-O {[%emt 0:00:30]} 6. d4 {[%emt 0:00:30]} dxc4 {[%emt 0:00:30]} 7. Qc2 {[%emt 0:00:30]} b6 {[%emt 0:00:30]} 8. Qxc4 {[%emt 0:00:30]} Bb7 {[%emt 0:00:30]} 9. Nc3 {[%emt 0:00:30]} Nbd7 {[%emt 0:00:30]} 10. Rd1 {[%emt 0:00:30]} a6 {[%emt 0:00:30]} 11. Bf4 {[%emt 0:00:30]} Bd6 {[%emt 0:00:30]} 12. Bg5 {[%emt 0:00:30]} h6 {[%emt 0:00:30]} 13. Bxf6 {[%emt 0:00:30]} Nxf6 {[%emt 0:00:30]} 14. Ne5 {[%emt 0:00:30]} b5 {[%emt 0:00:30]} 15. Qd3 {[%emt 0:00:30]} Bxg2 {[%emt 0:00:30]} 16. Kxg2 {[%emt 0:00:30]} c5 {[%emt 0:00:30]} 17. Ne4 {[%emt 0:00:30]} c4 {[%emt 0:00:30]} 18. Qf3 {[%emt 0:00:30]} Nxe4 {[%emt 0:00:30]} 19. Qxe4 {[%emt 0:00:30]} Qc7 {[%emt 0:00:30]} 20. Nf3 {[%emt 0:00:30]} Rac8 {[%emt 0:00:30]} 21. Rac1 {[%emt 0:00:30]} Qa5 {[%emt 0:00:30]} 22. a3 {[%emt 0:00:30]} c3 {[%emt 0:00:30]} 23. Rxc3 {[%emt 0:00:30]} Rxc3 {[%emt 0:00:30]} 24. bxc3 {[%emt 0:00:30]} Qxc3 {[%emt 0:00:30]} 25. Rd3 {[%emt 0:00:30]} Qc2 {[%emt 0:00:30]} 26. Qb7 {[%emt 0:00:30]} Qxe2 {[%emt 0:00:30]} 27. Rc3 {[%emt 0:00:30]} Qb2 {[%emt 0:00:30]} 28. Rc6 {[%emt 0:00:30]} Bxa3 {[%emt 0:00:30]} 29. Rxa6 {[%emt 0:00:30]} b4 {[%emt 0:00:30]} 30. Rb6 {[%emt 0:00:30]} Qb3 {[%emt 0:00:30]} 31. Ne5 {[%emt 0:00:30]} Qc3 {[%emt 0:00:30]} 32. Nc6 {[%emt 0:00:30]} Qc4 {[%emt 0:00:30]} 33. Nxb4 {[%emt 0:00:30]} Qxd4 {[%emt 0:00:30]} 34. Nc2 {[%emt 0:00:30]} Qd3 {[%emt 0:00:30]} 35. Nxa3 {[%emt 0:00:30]} Qxa3 {[%emt 0:00:30]} 36. h4 {[%emt 0:00:30]} h5 {[%emt 0:00:30]} 37. Rb5 {[%emt 0:00:30]} g6 {[%emt 0:00:30]} 38. Qf3 {[%emt 0:00:30]} Qc1 {[%emt 0:00:30]} 39. Rb7 {[%emt 0:00:30]} Kg7 {[%emt 0:00:30]} 40. Kh2 {[%emt 0:00:30]} Qa1 {[%emt 0:00:30]} 41. Qe2 {[%emt 0:00:30]} Qd4 {[%emt 0:00:30]} 42. Qb2 {[%emt 0:00:30]} Rd8 {[%emt 0:00:30]} 43. Qxd4+ {[%emt 0:00:30]} Rxd4 {[%emt 0:00:30]} 44. Kg2 {[%emt 0:00:30]} Rd3 {[%emt 0:00:30]} 45. Ra7 {[%emt 0:00:30]} Kf6 {[%emt 0:00:30]} 46. Rb7 {[%emt 0:00:30]} e5 {[%emt 0:00:30]} 47. Rb6+ {[%emt 0:00:30]} Kf5 {[%emt 0:00:30]} 48. Rb7 {[%emt 0:00:30]} f6 {[%emt 0:00:30]} 49. Rb6 {[%emt 0:00:30]} Ra3 {[%emt 0:00:30]} 50. Rc6 {[%emt 0:00:30]} Ra4 {[%emt 0:00:30]} 51. Rb6 {[%emt 0:00:30]} g5 {[%emt 0:00:30]} 52. hxg5 {[%emt 0:00:30]} Kxg5 {[%emt 0:00:30]} 53. Rb8 {[%emt 0:00:30]} h4 {[%emt 0:00:30]} 54. gxh4+ {[%emt 0:00:30]} Rxh4 {[%emt 0:00:30]} 55. Rb6 {[%emt 0:00:30]} Rg4+ {[%emt 0:00:30]} 56. Kf1 {[%emt 0:00:30]} Ra4 {[%emt 0:00:30]} 57. Kg2 {[%emt 0:00:30]} f5 {[%emt 0:00:30]} 58. Rb5 {[%emt 0:00:30]} e4 {[%emt 0:00:30]} 59. Rc5 {[%emt 0:00:30]} Ra2 {[%emt 0:00:30]} 60. Kg3 {[%emt 0:00:30]} Ra3+ {[%emt 0:00:30]} 61. Kg2 {[%emt 0:00:30]} Kg4 {[%emt 0:00:30]} 62. Rc4 {[%emt 0:00:30]} Ra2 {[%emt 0:00:30]} 63. Rb4 {[%emt 0:00:30]} Re2 {[%emt 0:00:30]} 64. Rb3 {[%emt 0:00:30]} f4 {[%emt 0:00:30]} 65. Kf1 {[%emt 0:00:30]} Rd2 {[%emt 0:00:30]} 66. Ke1 {[%emt 0:00:30]} Ra2 {[%emt 0:00:30]} 67. Rc3 {[%emt 0:00:30]} Ra1+ {[%emt 0:00:30]} 68. Kd2 {[%emt 0:00:30]} e3+ {[%emt 0:00:30]} 69. fxe3 {[%emt 0:00:30]} f3 {[%emt 0:00:30]} 70. Rc4+ {[%emt 0:00:30]} Kg3 {[%emt 0:00:30]} 71. Rf4 {[%emt 0:00:30]} f2 {[%emt 0:00:30]} 0-1

[Event "Opocensky Memorial 2019"]
[Site "Prague"]
[Date "2019.06.27"]
[Round "7.5"]
[White "Sergeev, Vladimir"]
[Black "Sahidi, Samir"]
[Result "1/2-1/2"]
[WhiteElo "2411"]
[BlackElo "2380"]
[Annotator "NA"]
[PlyCount "88"]
[EventDate "2019.06.22"]
[EventType "tourn"]
[EventCountry "CZE"]
[SourceTitle "playchess.com"]
[Source "ChessBase"]
[SourceQuality "1"]
[TimeControl "5400+30"]

1. c4 {[%emt 0:00:00]} Nf6 {[%emt 0:00:12]} 2. Nc3 {[%emt 0:00:00]} e5 {[%emt 0:01:28]} 3. g3 {[%emt 0:00:00]} Nc6 {[%emt 0:01:58]} 4. Bg2 {[%emt 0:00:03]} Bb4 {[%emt 0:01:53]} 5. Na4 {[%emt 0:02:46]} Be7 {[%emt 0:06:22]} 6. a3 {[%emt 0:02:01]} d5 {[%emt 0:02:39]} 7. cxd5 {[%emt 0:00:19]} Nxd5 {[%emt 0:00:08]} 8. d3 {[%emt 0:03:13]} O-O {[%emt 0:06:45]} 9. Nf3 {[%emt 0:00:17]} Be6 {[%emt 0:01:57]} 10. O-O {[%emt 0:00:58]} b6 {[%emt 0:06:58]} 11. Bd2 {[%emt 0:08:13]} Qd7 {[%emt 0:04:58]} 12. Rc1 {[%emt 0:00:38]} Rad8 {[%emt 0:04:54]} 13. b4 {[%emt 0:05:07]} Bf6 {[%emt 0:01:00]} 14. Nc3 {[%emt 0:10:28]} Nxc3 {[%emt 0:08:44]} 15. Bxc3 {[%emt 0:00:06]} Nd4 {[%emt 0:01:24]} 16. Nxd4 {[%emt 0:06:13]} exd4 {[%emt 0:00:17]} 17. Bd2 {[%emt 0:00:03]} Be5 {[%emt 0:03:35]} 18. Bc6 {[%emt 0:00:55]} Qe7 {[%emt 0:04:19]} 19. f4 {[%emt 0:14:06]} Bf6 {[%emt 0:01:40]} 20. Qc2 {[%emt 0:06:39]} Bd5 {[%emt 0:09:43]} 21. Rfe1 {[%emt 0:06:21]} h5 {[%emt 0:05:39]} 22. Bxd5 {[%emt 0:02:05]} Rxd5 {[%emt 0:00:08]} 23. Qxc7 {[%emt 0:01:34]} Qe6 {[%emt 0:00:23]} 24. Qc6 {[%emt 0:00:59]} Qf5 {[%emt 0:00:43]} 25. Kh1 {[%emt 0:03:01]} Rfd8 {[%emt 0:01:46]} 26. Rg1 {[%emt 0:00:09]} Kh7 {[%emt 0:06:15]} 27. Rg2 {[%emt 0:01:10]} g6 {[%emt 0:01:56]} 28. Qa4 {[%emt 0:04:17]} R8d7 {[%emt 0:02:32]} 29. Qd1 {[%emt 0:00:06]} R5d6 {[%emt 0:01:35]} 30. Qb3 {[%emt 0:05:40]} Re6 {[%emt 0:00:46]} 31. b5 {[%emt 0:00:33]} Qg4 {[%emt 0:01:41]} 32. Qd1 {[%emt 0:03:36]} Bg7 {[%emt 0:03:39]} 33. a4 {[%emt 0:01:48]} Rde7 {[%emt 0:00:39]} 34. Bb4 {[%emt 0:00:12]} Re8 {[%emt 0:00:05]} 35. Rc2 {[%emt 0:00:15]} Re3 {[%emt 0:02:13]} 36. Qf1 {[%emt 0:00:51]} Qe6 {[%emt 0:00:51]} 37. Bd2 {[%emt 0:06:12]} Rxe2 {[%emt 0:00:44]} 38. Rxe2 {[%emt 0:00:02]} Qxe2 {[%emt 0:00:11]} 39. Qxe2 {[%emt 0:00:02]} Rxe2 {[%emt 0:00:30]} 40. Kg1 {[%emt 0:00:01]} Bf8 {[%emt 0:01:36]} 41. Kf1 {[%emt 0:00:24]} Rxh2 {[%emt 0:00:19]} 42. Kg1 {[%emt 0:00:00]} Re2 {[%emt 0:00:11]} 43. Kf1 {[%emt 0:00:01]} Rh2 {[%emt 0:03:29]} 44. Kg1 {[%emt 0:00:01]} Re2 {[%emt 0:00:07]} 1/2-1/2

[Event "Opocensky Memorial 2019"]
[Site "Prague"]
[Date "2019.06.28"]
[Round "8.1"]
[White "Sokolov, Alexander"]
[Black "Sahidi, Samir"]
[Result "0-1"]
[WhiteElo "2382"]
[BlackElo "2380"]
[Annotator "NA"]
[PlyCount "48"]
[EventDate "2019.06.22"]
[EventType "tourn"]
[EventCountry "CZE"]
[SourceTitle "playchess.com"]
[Source "ChessBase"]
[SourceQuality "1"]
[TimeControl "5400+30"]

1. e4 {[%emt 0:00:00]} e5 {[%emt 0:00:00]} 2. f4 {[%emt 0:00:00]} exf4 {[%emt 0:01:28]} 3. Nf3 {[%emt 0:00:00]} g5 {[%emt 0:01:21]} 4. Bc4 {[%emt 0:00:59]} g4 {[%emt 0:02:14]} 5. O-O {[%emt 0:00:07]} gxf3 {[%emt 0:01:17]} 6. Qxf3 {[%emt 0:00:04]} Qf6 {[%emt 0:01:45]} 7. e5 {[%emt 0:00:21]} Qxe5 {[%emt 0:06:25]} 8. d3 {[%emt 0:00:46]} Bh6 {[%emt 0:10:08]} 9. Bd2 {[%emt 0:01:45]} Ne7 {[%emt 0:02:04]} 10. Bc3 {[%emt 0:06:46]} Qc5+ {[%emt 0:00:06]} 11. Kh1 {[%emt 0:00:04]} Rg8 {[%emt 0:02:20]} 12. Nd2 {[%emt 0:01:35]} d5 {[%emt 0:04:36]} 13. Qh5 {[%emt 0:11:01]} Rg6 {[%emt 0:01:04]} 14. Rae1 {[%emt 0:10:06]} Kf8 {[%emt 0:15:18]} 15. Nb3 {[%emt 0:18:23]} Qd6 {[%emt 0:01:52]} 16. Be5 {[%emt 0:11:27]} Qd8 {[%emt 0:00:41]} 17. Bxf4 {[%emt 0:03:33]} Bxf4 {[%emt 0:00:32]} 18. Rxf4 {[%emt 0:00:06]} dxc4 {[%emt 0:02:39]} 19. Nd4 {[%emt 0:13:50]} Qd5 {[%emt 0:11:09]} 20. Qe2 {[%emt 0:01:40]} Nbc6 {[%emt 0:01:45]} 21. dxc4 {[%emt 0:02:09]} Qd6 {[%emt 0:05:44]} 22. Qf2 {[%emt 0:01:33]} f5 {[%emt 0:02:24]} 23. Qe3 {[%emt 0:02:19]} Qf6 {[%emt 0:01:25]} 24. Nb5 {[%emt 0:06:53]} Bd7 {[%emt 0:02:42]} 0-1

[Event "Opocensky Memorial 2019"]
[Site "Prague"]
[Date "2019.06.28"]
[Round "8.2"]
[White "Pulpan, Jakub"]
[Black "Sergeev, Vladimir"]
[Result "1/2-1/2"]
[WhiteElo "2414"]
[BlackElo "2411"]
[Annotator "NA"]
[PlyCount "124"]
[EventDate "2019.06.22"]
[EventType "tourn"]
[EventCountry "CZE"]
[SourceTitle "playchess.com"]
[Source "ChessBase"]
[SourceQuality "1"]
[TimeControl "5400+30"]

1. e4 {[%emt 0:00:00]} Nf6 {[%emt 0:00:02]} 2. e5 {[%emt 0:00:01]} Nd5 {[%emt 0:00:02]} 3. d4 {[%emt 0:00:55]} c6 {[%emt 0:00:08]} 4. Nf3 {[%emt 0:02:42]} d6 {[%emt 0:00:07]} 5. c4 {[%emt 0:05:15]} Nc7 {[%emt 0:00:05]} 6. exd6 {[%emt 0:01:34]} exd6 {[%emt 0:00:06]} 7. Nc3 {[%emt 0:00:26]} Be7 {[%emt 0:00:16]} 8. h3 {[%emt 0:02:37]} d5 {[%emt 0:01:39]} 9. Bf4 {[%emt 0:06:06]} Bd6 {[%emt 0:02:08]} 10. Bg5 {[%emt 0:00:56]} Be7 {[%emt 0:03:44]} 11. Bf4 {[%emt 0:03:13]} Bd6 {[%emt 0:00:19]} 12. Qd2 {[%emt 0:00:57]} Qe7+ {[%emt 0:07:48]} 13. Be3 {[%emt 0:03:31]} O-O {[%emt 0:13:18]} 14. Be2 {[%emt 0:07:58]} dxc4 {[%emt 0:00:17]} 15. Bxc4 {[%emt 0:00:18]} Be6 {[%emt 0:00:45]} 16. Bd3 {[%emt 0:04:10]} Nd7 {[%emt 0:00:21]} 17. O-O {[%emt 0:02:27]} Rfe8 {[%emt 0:09:10]} 18. Ng5 {[%emt 0:11:25]} Nf6 {[%emt 0:01:54]} 19. Rae1 {[%emt 0:02:56]} Bd5 {[%emt 0:09:11]} 20. Bf4 {[%emt 0:05:32]} Bxf4 {[%emt 0:02:31]} 21. Qxf4 {[%emt 0:01:02]} Qd7 {[%emt 0:05:10]} 22. Re3 {[%emt 0:06:39]} h6 {[%emt 0:04:27]} 23. Nf3 {[%emt 0:01:02]} Ne6 {[%emt 0:07:04]} 24. Qg3 {[%emt 0:03:16]} Bxf3 {[%emt 0:01:57]} 25. Rxf3 {[%emt 0:00:39]} Qd8 {[%emt 0:06:19]} 26. Rd1 {[%emt 0:02:16]} Nxd4 {[%emt 0:04:05]} 27. Re3 {[%emt 0:00:43]} Qa5 {[%emt 0:03:09]} 28. Bc4 {[%emt 0:01:30]} Nf5 {[%emt 0:01:13]} 29. Rxe8+ {[%emt 0:06:11]} Rxe8 {[%emt 0:01:24]} 30. Qd3 {[%emt 0:01:16]} Qe5 {[%emt 0:00:14]} 31. Rd2 {[%emt 0:01:53]} g6 {[%emt 0:01:35]} 32. g3 {[%emt 0:03:16]} Kg7 {[%emt 0:00:27]} 33. Kg2 {[%emt 0:00:33]} h5 {[%emt 0:00:11]} 34. Re2 {[%emt 0:02:04]} Qd6 {[%emt 0:01:21]} 35. Rxe8 {[%emt 0:00:06]} Nxe8 {[%emt 0:00:35]} 36. Qe2 {[%emt 0:00:52]} Nf6 {[%emt 0:00:08]} 37. Bd3 {[%emt 0:00:31]} Nd4 {[%emt 0:00:17]} 38. Qe3 {[%emt 0:00:44]} b5 {[%emt 0:00:34]} 39. b3 {[%emt 0:01:46]} a6 {[%emt 0:00:21]} 40. Ne2 {[%emt 0:04:13]} Qd5+ {[%emt 0:00:27]} 41. Kg1 {[%emt 0:00:22]} Nf3+ {[%emt 0:06:07]} 42. Kf1 {[%emt 0:00:26]} Ne5 {[%emt 0:00:09]} 43. Nf4 {[%emt 0:00:24]} Qh1+ {[%emt 0:00:18]} 44. Ke2 {[%emt 0:00:01]} Nxd3 {[%emt 0:00:08]} 45. Qxd3 {[%emt 0:02:05]} Qa1 {[%emt 0:02:05]} 46. Qc2 {[%emt 0:01:04]} Qe5+ {[%emt 0:00:26]} 47. Kf1 {[%emt 0:01:11]} c5 {[%emt 0:01:38]} 48. Nd3 {[%emt 0:00:50]} Qe4 {[%emt 0:00:07]} 49. Qc3 {[%emt 0:00:26]} b4 {[%emt 0:00:18]} 50. Qc2 {[%emt 0:01:19]} Nd5 {[%emt 0:00:35]} 51. Kg1 {[%emt 0:00:47]} Nc3 {[%emt 0:00:26]} 52. Qd2 {[%emt 0:00:09]} Qd4 {[%emt 0:01:56]} 53. Qc2 {[%emt 0:00:13]} a5 {[%emt 0:00:28]} 54. h4 {[%emt 0:00:18]} Qe4 {[%emt 0:01:09]} 55. Qd2 {[%emt 0:00:15]} c4 {[%emt 0:01:06]} 56. Nf4 {[%emt 0:00:53]} cxb3 {[%emt 0:01:02]} 57. axb3 {[%emt 0:00:12]} Nb5 {[%emt 0:01:53]} 58. Nxh5+ {[%emt 0:00:12]} gxh5 {[%emt 0:01:44]} 59. Qg5+ {[%emt 0:00:02]} Kf8 {[%emt 0:00:35]} 60. Qxb5 {[%emt 0:00:02]} Qb1+ {[%emt 0:00:05]} 61. Kh2 {[%emt 0:01:14]} Qxb3 {[%emt 0:01:00]} 62. Qxa5 {[%emt 0:00:02]} Qb2 {[%emt 0:00:48]} 1/2-1/2

[Event "Opocensky Memorial 2019"]
[Site "Prague"]
[Date "2019.06.28"]
[Round "8.3"]
[White "Plischki, Sebastian"]
[Black "Neuman, Petr"]
[Result "1/2-1/2"]
[WhiteElo "2420"]
[BlackElo "2395"]
[Annotator "NA"]
[PlyCount "22"]
[EventDate "2019.06.22"]
[EventType "tourn"]
[EventCountry "CZE"]
[SourceTitle "playchess.com"]
[Source "ChessBase"]
[SourceQuality "1"]
[TimeControl "5400+30"]

1. d4 {[%emt 0:00:00]} d5 {[%emt 0:08:17]} 2. c4 {[%emt 0:00:00]} c6 {[%emt 0:00:03]} 3. Nf3 {[%emt 0:00:00]} Nf6 {[%emt 0:00:05]} 4. e3 {[%emt 0:00:00]} g6 {[%emt 0:00:12]} 5. Nc3 {[%emt 0:00:10]} Bg7 {[%emt 0:00:02]} 6. Be2 {[%emt 0:00:10]} O-O {[%emt 0:00:09]} 7. O-O {[%emt 0:00:08]} dxc4 {[%emt 0:00:03]} 8. Bxc4 {[%emt 0:00:07]} Bg4 {[%emt 0:00:04]} 9. Be2 {[%emt 0:00:14]} Nbd7 {[%emt 0:01:42]} 10. e4 {[%emt 0:01:05]} Bxf3 {[%emt 0:01:02]} 11. Bxf3 {[%emt 0:00:18]} e5 {[%emt 0:00:18]} 1/2-1/2

[Event "Opocensky Memorial 2019"]
[Site "Prague"]
[Date "2019.06.28"]
[Round "8.5"]
[White "Ivanov, Mikhail M"]
[Black "Kourousis, Epaminondas"]
[Result "1/2-1/2"]
[WhiteElo "2366"]
[BlackElo "2394"]
[Annotator "NA"]
[PlyCount "20"]
[EventDate "2019.06.22"]
[EventType "tourn"]
[EventCountry "CZE"]
[SourceTitle "playchess.com"]
[Source "ChessBase"]
[SourceQuality "1"]
[TimeControl "5400+30"]

1. d4 {[%emt 0:02:16]} Nf6 {[%emt 0:00:01]} 2. c4 {[%emt 0:00:21]} e6 {[%emt 0:00:22]} 3. Nc3 {[%emt 0:00:07]} Bb4 {[%emt 0:00:11]} 4. Bd2 {[%emt 0:00:05]} c5 {[%emt 0:00:32]} 5. e3 {[%emt 0:00:20]} cxd4 {[%emt 0:00:36]} 6. exd4 {[%emt 0:00:04]} d5 {[%emt 0:00:12]} 7. Nf3 {[%emt 0:01:04]} O-O {[%emt 0:00:20]} 8. h3 {[%emt 0:00:52]} Nc6 {[%emt 0:00:25]} 9. cxd5 {[%emt 0:00:23]} Nxd5 {[%emt 0:00:15]} 10. Bd3 {[%emt 0:00:16]} Nf6 {[%emt 1:32:06]} 1/2-1/2

[Event "Opocensky Memorial 2019"]
[Site "Prague"]
[Date "2019.06.29"]
[Round "9.1"]
[White "Kourousis, Epaminondas"]
[Black "Sokolov, Alexander"]
[Result "1-0"]
[WhiteElo "2394"]
[BlackElo "2382"]
[Annotator "RC"]
[PlyCount "87"]
[EventDate "2019.06.22"]
[EventType "tourn"]
[EventCountry "CZE"]
[SourceTitle "playchess.com"]
[Source "ChessBase"]
[SourceQuality "1"]
[TimeControl "5400+30"]

1. Nf3 {[%emt 0:00:00]} Nf6 {[%emt 0:00:00]} 2. d4 {[%emt 0:00:00]} g6 {[%emt 0:00:00]} 3. Nbd2 {[%emt 0:00:00]} Bg7 {[%emt 0:00:00]} 4. e4 {[%emt 0:00:00]} d6 {[%emt 0:00:00]} 5. Bd3 {[%emt 0:00:05]} O-O {[%emt 0:00:00]} 6. O-O {[%emt 0:00:05]} Nbd7 {[%emt 0:00:17]} 7. Re1 {[%emt 0:00:27]} e5 {[%emt 0:00:05]} 8. c3 {[%emt 0:00:06]} Re8 {[%emt 0:00:14]} 9. h3 {[%emt 0:00:51]} c6 {[%emt 0:02:59]} 10. Nf1 {[%emt 0:01:10]} Qc7 {[%emt 0:02:57]} 11. Ng3 {[%emt 0:00:34]} Nf8 {[%emt 0:00:10]} 12. a4 {[%emt 0:01:03]} a5 {[%emt 0:00:05]} 13. Be3 {[%emt 0:01:13]} h6 {[%emt 0:01:15]} 14. Qd2 {[%emt 0:01:49]} Kh7 {[%emt 0:00:06]} 15. Rad1 {[%emt 0:02:13]} Bd7 {[%emt 0:01:45]} 16. Bc2 {[%emt 0:05:47]} Ne6 {[%emt 0:06:05]} 17. Nh2 {[%emt 0:11:15]} Rad8 {[%emt 0:02:31]} 18. dxe5 {[%emt 0:21:55]} dxe5 {[%emt 0:00:12]} 19. Qd6 {[%emt 0:00:57]} Qxd6 {[%emt 0:02:33]} 20. Rxd6 {[%emt 0:00:10]} Bf8 {[%emt 0:00:14]} 21. Rd2 {[%emt 0:01:13]} Bc5 {[%emt 0:00:11]} 22. Ngf1 {[%emt 0:06:08]} Bxe3 {[%emt 0:10:49]} 23. Nxe3 {[%emt 0:00:09]} Nc5 {[%emt 0:00:05]} 24. Red1 {[%emt 0:00:33]} Re7 {[%emt 0:01:05]} 25. f3 {[%emt 0:03:18]} Ra8 {[%emt 0:00:24]} 26. Nc4 {[%emt 0:03:11]} Be6 {[%emt 0:00:05]} 27. Nxe5 {[%emt 0:05:40]} Bb3 {[%emt 0:03:54]} 28. Bxb3 {[%emt 0:04:50]} Nxb3 {[%emt 0:00:06]} 29. Rd6 {[%emt 0:00:11]} Ne8 {[%emt 0:00:20]} 30. Rd7 {[%emt 0:08:28]} Rxe5 {[%emt 0:00:10]} 31. Ng4 {[%emt 0:00:08]} Rh5 {[%emt 0:05:33]} 32. Rxf7+ {[%emt 0:01:34]} Kg8 {[%emt 0:00:05]} 33. Rxb7 {[%emt 0:03:17]} Nc5 {[%emt 0:00:22]} 34. Rb6 {[%emt 0:01:16]} Rc8 {[%emt 0:00:30]} 35. Ra1 {[%emt 0:00:51]} Kf7 {[%emt 0:02:41]} 36. b4 {[%emt 0:00:26]} Nd7 {[%emt 0:00:35]} 37. Ra6 {[%emt 0:01:26]} Nd6 {[%emt 0:03:55]} 38. Ra7 {[%emt 0:04:14]} Ke6 {[%emt 0:00:25]} 39. Rd1 {[%emt 0:01:52]} Ne5 {[%emt 0:00:59]} 40. f4 {[%emt 0:01:27]} Nec4 {[%emt 0:05:51]} 41. e5 {[%emt 0:01:08]} axb4 {[%emt 0:05:57]} 42. exd6 {[%emt 0:00:38]} bxc3 {[%emt 0:01:44]} 43. Re7+ {[%emt 0:00:16]} Kf5 {[%emt 0:00:03]} 44. Rd4 {[%emt 0:00:39]} 1-0

[Event "Opocensky Memorial 2019"]
[Site "Prague"]
[Date "2019.06.29"]
[Round "9.4"]
[White "Sergeev, Vladimir"]
[Black "Plischki, Sebastian"]
[Result "1/2-1/2"]
[WhiteElo "2411"]
[BlackElo "2420"]
[Annotator "TA"]
[PlyCount "41"]
[EventDate "2019.06.22"]
[EventType "tourn"]
[EventCountry "CZE"]
[SourceTitle "playchess.com"]
[Source "ChessBase"]
[SourceQuality "1"]

{[%evp 17,19,0,0,0]} 1. d4 d5 2. c4 c6 3. Nc3 Nf6 4. cxd5 cxd5 5. Bf4 Nc6 6. e3 Bf5 7. Nf3 e6 8. Bb5 Nd7 9. Qa4 Rc8 10. O-O {D14: Slav Defence: Exchange variation with ...Bf5} {Predecessor:} a6 $146 11. Bxc6 Rxc6 12. Rfc1 Be7 13. Ne2 Qb6 14. Rxc6 Qxc6 15. Qxc6 bxc6 16. Rc1 Bd3 17. Nc3 c5 18. dxc5 Nxc5 19. Ne5 f6 20. Nc6 Bc4 21. b3 {1-0 (47) Ivanchuk,V (2739)-Dominguez Perez,L (2719) Moscow 2009} 1/2-1/2

[Event "Opocensky Memorial 2019"]
[Site "Prague"]
[Date "2019.06.29"]
[Round "9.5"]
[White "Sahidi, Samir"]
[Black "Pulpan, Jakub"]
[Result "1/2-1/2"]
[WhiteElo "2380"]
[BlackElo "2414"]
[Annotator "TA"]
[PlyCount "36"]
[EventDate "2019.06.22"]
[EventType "tourn"]
[EventCountry "CZE"]
[SourceTitle "playchess.com"]
[Source "ChessBase"]
[SourceQuality "1"]

{[%evp 14,15,10,6]} 1. d4 Nf6 2. c4 e6 3. Nf3 b6 4. g3 Bb7 5. Bg2 Be7 6. O-O O-O 7. Nc3 Ne4 8. Qc2 {Predecessor:} Nxc3 $146 9. Qxc3 d6 10. Qc2 f5 11. d5 e5 12. e4 Bc8 13. Qe2 Na6 14. exf5 Bxf5 15. Nd2 Nc5 16. Ne4 a5 17. Nxc5 bxc5 18. Bd2 a4 {½-½ (55) Brunello,S (2552)-Kramnik,V (2779) Batumi 2018} 1/2-1/2